[Event "St Petersburg"]
[Site "http://www.queenalice.com/game.php?id=1867091"]
[Date "2025.12.16"]
[Round "-"]
[White "alow_proton"]
[Black "Sph4444"]
[Result "0-1"]
[WhiteElo "2137"]
[BlackElo "1908"]

1. e4 e5 2. f4 exf4 3. Nf3 g5 4. h3 h6 5. d4 c6 6. Bc4 b5 7. Bb3 a5 8. a4 b4 9.
c3 Ba6 10. c4 c5 11. d5 d6 12. O-O Bg7 13. Re1 Nd7 14. Ra2 Ne7 15. Qe2 f6 16.
Bc2 Ne5 17. Nxe5 fxe5 18. Qh5+ Kf8 19. b3 Rh7 20. Nd2 Qe8 21. Qg4 Bc8 22. Qf3 h5
23. g3 Bxh3 24. gxf4 g4 25. Qf2 Kg8 26. f5 Qf7 27. Nf1 Rf8 28. Nh2 Ng6 29. Qg3
Nf4 30. Bxf4 exf4 31. Qxf4 Be5 32. Qg5+ Rg7 33. Qh4 Bf6 34. Qg3 h4 35. Qf4 Be5
36. Qh6 Bd4+ 37. Kh1 Qf6 38. Qf4 g3 39. Nf3 Rg4 40. Qd2 Bc3 41. Qe2 Bxe1 42.
Qxe1 g2+ 43. Kg1 Rg3 44. Bd1 Bg4 45. Rxg2 Bxf3 46. Bxf3 Rxg2+ 47. Bxg2 Rf7 48.
Kh2 Rh7 49. Qe3 Rg7 50. Qf2 Rg3 51. Bf3 Qc3 52. Bd1 Kf7 53. Bc2 Kf6 54. Bd1 Qe3
55. Qxe3 Rxe3 56. Kg2 Rxe4 57. Kf3 Ke5 58. Bc2 Rf4+ 59. Kg2 Kd4 60. Kh3 Kc3 61.
Bd1 Rxf5 62. Kxh4 Rf1 63. Be2 Re1 64. Bf3 Kxb3 65. Kg4 Kxc4 66. Kf4 Re5 0-1

[Event "Let's Play Chess!"]
[Site "http://www.queenalice.com/game.php?id=1867108"]
[Date "2025.12.17"]
[Round "-"]
[White "alow_proton"]
[Black "Capixabba789"]
[Result "1-0"]
[WhiteElo "1992"]
[BlackElo "1880"]

1. e4 e5 2. f4 d5 3. exd5 Qxd5 4. Nc3 Qd8 5. Nf3 exf4 6. d4 Bd6 7. Bc4 Nf6 8.
Qe2+ Qe7 9. Qxe7+ Kxe7 10. O-O Re8 11. Nb5 Kf8 12. Nxd6 cxd6 13. Bxf4 Bf5 14.
Bxd6+ Kg8 15. Ne5 Be6 16. Bb5 Rc8 17. c3 a5 18. a4 Na6 19. h3 Bc4 20. Bxc4 1-0

[Event "Let's Play Chess!"]
[Site "http://www.queenalice.com/game.php?id=1867109"]
[Date "2025.12.17"]
[Round "-"]
[White "Capixabba789"]
[Black "alow_proton"]
[Result "0-1"]
[WhiteElo "1864"]
[BlackElo "2012"]

1. d4 d5 2. Nc3 Nf6 3. f4 e6 4. Nf3 c5 5. e3 a6 6. Be2 Nc6 7. O-O Be7 8. Bd3 c4
9. Be2 O-O 10. Ne5 Qc7 11. Bf3 b5 12. Ne2 Ne8 13. Ng3 f6 14. Ng4 Bb7 15. c3 b4
16. Bd2 a5 17. e4 Qd6 18. e5 fxe5 19. fxe5 Qd8 20. cxb4 axb4 21. Be3 Bg5 22. Qe2
Ba6 23. Qd1 Bb5 24. Re1 Ba4 25. b3 Bb5 26. Qc1 Bh4 27. Bf2 Bxg3 28. Bxg3 Nxd4
29. Bd1 Nc6 30. bxc4 dxc4 31. Bf3 Nc7 32. Bxc6 Qd4+ 33. Bf2 Qxg4 34. Bxa8 Rxa8
35. Qe3 Nd5 36. Qg3 Qf5 37. Bc5 Rc8 38. Bd6 c3 39. Rec1 Qe4 40. Bxb4 Nxb4 41.
Rxc3 Qd4+ 42. Re3 Nc2 43. Qh3 Qxa1+ 44. Kf2 Qf1+ 45. Kg3 Bc4 0-1

[Event "Windsor"]
[Site "http://www.queenalice.com/game.php?id=1867205"]
[Date "2025.12.18"]
[Round "-"]
[White "alow_proton"]
[Black "Sph4444"]
[Result "1-0"]
[WhiteElo "2127"]
[BlackElo "1904"]

1. e4 e5 2. f4 exf4 3. Nf3 g5 4. h3 h6 5. Bc4 d6 6. O-O Be6 7. Bb3 Bxb3 8. axb3
Bg7 9. d4 Ne7 10. Qe2 O-O 11. Nc3 Nbc6 12. e5 dxe5 13. dxe5 Nd4 14. Qe4 Nxf3+
15. Rxf3 c6 16. Rd3 Qc7 17. e6 Qe5 18. Rd7 Qxe6 19. Qxe6 fxe6 20. Rxe7 Bd4+ 21.
Kf1 b5 22. Rxe6 Rf6 23. Re2 Kg7 24. Ne4 Re6 25. c3 Bb6 26. Bd2 Rae8 27. Rae1 Kg6
28. b4 Rd8 29. Nc5 Rxe2 30. Rxe2 Bxc5 31. bxc5 Kh5 32. Be1 Rd5 33. Bf2 Rd1+ 34.
Be1 Rd5 35. b4 Rd8 36. Re7 Rc8 37. Rxa7 Kg6 38. Rd7 h5 39. Kf2 g4 40. Rd6+ Kg5
41. Bd2 Kh4 42. hxg4 Kxg4 43. Rf6 Rd8 44. Rxf4+ 1-0

[Event "St Ives"]
[Site "http://www.queenalice.com/game.php?id=1867206"]
[Date "2025.12.18"]
[Round "-"]
[White "Sph4444"]
[Black "alow_proton"]
[Result "1-0"]
[WhiteElo "1933"]
[BlackElo "2104"]

1. e4 c5 2. Nf3 d6 3. Bc4 Nc6 4. O-O Nf6 5. Nc3 Bg4 6. Be2 e6 7. h3 Bh5 8. d4
Be7 9. e5 dxe5 10. dxe5 Nd7 11. g4 Bg6 12. Bf4 a6 13. Qd2 h6 14. a4 O-O 15. Rfd1
Nb6 16. Qxd8 Raxd8 17. Bd3 Bh7 18. Bxh7+ Kxh7 19. b3 Nd5 20. Nxd5 Rxd5 21. Rxd5
exd5 22. c4 d4 23. h4 Na5 24. Nd2 Bxh4 25. Re1 Re8 26. Kg2 b6 27. Bg3 Bd8 28. f4
Nc6 29. Kf2 Bc7 30. Re2 g6 31. Nf3 Na5 32. Nd2 Kg7 33. Kg2 Re6 34. Kf3 f5 35.
exf6+ Kxf6 36. g5+ Kf5 37. gxh6 Rxe2 38. Kxe2 Kf6 39. Kf3 Kf7 40. Kg4 Kg8 41.
Bh4 Kh7 42. Bg5 Kg8 43. f5 gxf5+ 44. Kxf5 Kf7 45. Bf6 Bb8 46. h7 1-0

[Event "Let's Play Chess!"]
[Site "http://www.queenalice.com/game.php?id=1867314"]
[Date "2025.12.23"]
[Round "-"]
[White "alow_proton"]
[Black "alterego"]
[Result "1-0"]
[WhiteElo "2093"]
[BlackElo "1459"]

1. e4 g6 2. Nf3 Bg7 3. Bc4 e6 4. e5 a6 5. d4 b5 6. Bb3 Nc6 7. Bg5 Nge7 8. a4 b4
9. c4 Bb7 10. Qd3 O-O 11. O-O Na5 12. Bc2 b3 13. Bxb3 Nxb3 14. Qxb3 Rb8 15. Bc1
Be4 16. Qe3 Bc6 17. b3 Nf5 18. Qd3 Nh6 19. Bg5 f6 20. exf6 Bxf6 21. Bxh6 Bg7 22.
Bxg7 Kxg7 23. Ne5 Ba8 24. Nd2 Qg5 25. Ndf3 Qf4 26. d5 exd5 27. Nxd7 dxc4 28.
bxc4 Be4 29. Qd4+ Kh6 30. Nxf8 Rxf8 31. Nd2 Re8 32. Rae1 Re5 33. Rxe4 c5 34.
Qxe5 Qxd2 35. Qf4+ Qxf4 36. Rxf4 1-0

[Event "San Marino"]
[Site "http://www.queenalice.com/game.php?id=1867334"]
[Date "2025.12.23"]
[Round "-"]
[White "Sph4444"]
[Black "alow_proton"]
[Result "1/2-1/2"]
[WhiteElo "1929"]
[BlackElo "2102"]

1. e4 c5 2. Bc4 Nc6 3. Nf3 d6 4. O-O Nf6 5. d3 Bg4 6. h3 Bd7 7. a3 Na5 8. Bg5 e6
9. Nbd2 b5 10. Bb3 Be7 11. c4 O-O 12. e5 dxe5 13. Nxe5 bxc4 14. dxc4 Qc7 15.
Nxd7 Qxd7 16. Bc2 Ne8 17. Bxe7 Qxe7 18. b4 cxb4 19. axb4 Nb7 20. Qb1 Nc7 21.
Bxh7+ Kh8 22. Be4 Rfb8 23. Ra3 a5 24. c5 Nb5 25. Rd3 axb4 26. Qxb4 Qxc5 27. Qxc5
Nxc5 28. Bxa8 Nxd3 29. Be4 Nc5 30. Bc2 Nd4 31. Rb1 Rxb1+ 32. Bxb1 f5 33. f4 Ne2+
34. Kf2 Nxf4 35. Kf3 Nd5 36. Nc4 g6 37. g4 Kg7 38. Ba2 Kf6 39. gxf5 exf5 40. Ne3
Nxe3 41. Kxe3 g5 42. Bd5 Ke5 43. Bc6 Ne6 44. Bg2 Nc5 45. Kf3 Ne4 46. Ke3 Nf6 47.
Kf3 g4+ 48. hxg4 fxg4+ 49. Kg3 Kf5 50. Bf3 Nh5+ 51. Kf2 Kf4 52. Bxg4 Kxg4 53.
Ke3 1/2-1/2

[Event "Andorra"]
[Site "http://www.queenalice.com/game.php?id=1867335"]
[Date "2025.12.23"]
[Round "-"]
[White "alow_proton"]
[Black "Sph4444"]
[Result "1-0"]
[WhiteElo "2132"]
[BlackElo "1915"]

1. e4 e5 2. f4 exf4 3. Nf3 g5 4. h3 a6 5. Bc4 b5 6. Bd5 c6 7. Bb3 h6 8. d4 Nf6
9. Qd3 Bg7 10. O-O O-O 11. a3 d5 12. Bd2 Re8 13. exd5 Nxd5 14. Nc3 Nxc3 15. Bxc3
Re3 16. Qd2 Be6 17. Rae1 Rxe1 18. Rxe1 Bxb3 19. cxb3 Qd5 20. Re8+ Kh7 21. Qc2+
f5 22. Ne5 Qe4 23. Qd2 Qd5 24. Qd3 Qe4 25. Qxe4 fxe4 26. Nxc6 e3 27. Rxb8 Rxb8
28. Nxb8 Bf6 29. Nd7 Kg6 30. Nxf6 Kxf6 31. d5+ Ke7 32. Bb4+ Ke8 33. Kf1 h5 34.
Ke2 g4 35. hxg4 hxg4 36. Bd6 f3+ 37. gxf3 gxf3+ 38. Kxf3 1-0

[Event "Let's Play Chess!"]
[Site "http://www.queenalice.com/game.php?id=1867553"]
[Date "2026.1.7"]
[Round "-"]
[White "WoodpusherKid"]
[Black "alow_proton"]
[Result "1-0"]
[WhiteElo "2649"]
[BlackElo "2128"]

1. Nf3 d5 2. d4 c5 3. g3 Nc6 4. Bg2 Bg4 5. O-O Bxf3 6. Bxf3 cxd4 7. c4 dxc4 8.
Nd2 c3 9. bxc3 dxc3 10. Qa4 Qc7 11. Ne4 O-O-O 12. Nxc3 Nf6 13. Nb5 Qb8 14. Bxc6
bxc6 15. Nxa7+ 1-0

[Event "Let's Play Chess!"]
[Site "http://www.queenalice.com/game.php?id=1867670"]
[Date "2026.1.8"]
[Round "-"]
[White "delphicoracle"]
[Black "alow_proton"]
[Result "1-0"]
[WhiteElo "2681"]
[BlackElo "2122"]

1. e4 c5 2. Nf3 d6 3. Bb5+ Bd7 4. c4 Nc6 5. Nc3 Nf6 6. O-O e5 7. a3 a6 8. Ba4
Be7 9. Rb1 Na5 10. d3 O-O 11. b4 Nc6 12. bxc5 dxc5 13. Rxb7 Rb8 14. Rxd7 Qxd7
15. Nxe5 Qc7 16. Nxc6 Rbc8 17. e5 Qb7 18. Nxe7+ Qxe7 19. exf6 Qxf6 20. Nd5 Qd8
21. Re1 Rb8 22. Ne7+ Kh8 23. Nc6 1-0

[Event "Let's Play Chess!"]
[Site "http://www.queenalice.com/game.php?id=1867710"]
[Date "2026.1.8"]
[Round "-"]
[White "alow_proton"]
[Black "delphicoracle"]
[Result "0-1"]
[WhiteElo "2127"]
[BlackElo "2664"]

1. e4 Nf6 2. e5 Nd5 3. c4 Nb6 4. Nf3 d6 5. d4 g6 6. Be2 Bg7 7. Bg5 h6 8. Be3
dxe5 9. Nxe5 Bxe5 10. dxe5 Qxd1+ 11. Kxd1 Nc6 12. f4 Bf5 13. a3 O-O-O+ 14. Kc1
Nd4 15. Bxd4 Rxd4 16. g3 Nxc4 17. Bxc4 Rxc4+ 18. Nc3 g5 19. Rf1 gxf4 20. gxf4
Rg8 21. a4 Rg2 22. Ra3 Rd4 23. Nb5 Rc2+ 24. Kb1 Rf2+ 25. Ka2 Be6+ 0-1